Statistiken für Die besten Filme der 80er

Klicken Sie hier um das Quiz zu spielen!

Allgemein

  • Dieses Quiz wurde 114 mal gespielt
  • Das Durchschnittsergebnis liegt bei 6 aus 27

Antwortstatistiken

PlatzierungFilmErscheinungsjahr% Korrekt
30.Zurück in die Zukunft1985
73%
15.Das Imperium schlägt zurück1980
67%
88.Die Rückkehr der Jedi-Ritter1983
63%
56.Jäger des verlorenen Schatzes1981
54%
120.Indiana Jones und der letzte Kreuzzug1989
53%
216.Terminator1984
47%
118.Stirb Langsam1988
28%
62.Shining1980
25%
66.Aliens - Die Rückkehr1986
22%
212.Platoon1986
22%
176.Der Blade Runner1982
18%
106.Scarface1983
18%
77.Das Boot1981
17%
81.Es war einmal in Amerika1984
14%
103.Full Metal Jacket1987
13%
247.Gandhi1982
13%
74.Amadeus1984
11%
215.Stand By Me1986
11%
161.Das Ding aus einer anderen Welt1982
6%
156.Wie ein wilder Stier1980
6%
138.Ran1985
5%
53.Cinema Paradiso1988
4%
210.Der Club der toten Dichter1989
4%
155.Der Elefantenmensch1980
4%
49.Die letzten Glühwürmchen1988
4%
102.Komm und sieh'1985
4%
172.Mein Nachbar Totoro1988
2%

Verteilung der Resultate

Perzentil nach korrekt beantworteten Fragen

Anzahl Personen mit jedem Resultat

Ihre Resultats-Entwicklung

Sie haben dieses Quiz noch nicht gespielt